000 00417nam a2200121Ia 4500
003 GCL
008 140319s9999 xx 000 0 ara d
040 _aGCL /
_cGCL
082 0 4 _a327.56073
_bن ص
245 1 0 _aصورة العرب والاسرائيلى فى الولايات المتحدة الامريكية
260 _a[S.N] :
_bلجنة الاعلام والدراسات المستقبلية ،
_c1987
490 _a
999 _c32214
_d32214